Normal view
MARC view
- water harvesting
Entry Topical Term
001 - CONTROL NUMBER
- control field: 2068
003 - CONTROL NUMBER IDENTIFIER
- control field: OSt
005 - DATE AND TIME OF LATEST TRANSACTION
- control field: 20170804144853.0
008 - FIXED-LENGTH DATA ELEMENTS
- fixed length control field: 170804|| aca||aabn | a|a d
040 ## - CATALOGING SOURCE
- Original cataloging agency: OSt
- Transcribing agency: OSt
150 ## - HEADING--TOPICAL TERM
- Topical term or geographic name as entry element: water harvesting
670 ## - SOURCE DATA FOUND
- Source citation: Work cat.: (OSt): Das, Ghanshyam . 2060, Hydrology and soil conservation engineering Including watershed management, 2016
